[Event "N4 Rethel  Echiquier Aubois"]
[Site "?"]
[Date "2012.12.09"]
[Round "3"]
[White "Guyot, Philippe"]
[Black "Sohier, Renaud"]
[Result "0-1"]
[WhiteElo "1983"]
[BlackElo "2002"]
[PlyCount "70"]
[EventDate "2012.10.14"]
[SourceDate "2012.12.09"]

1. d4 d5 2. Nf3 Nf6 3. e3 Nbd7 4. b3 e6 5. Bb2 Bd6 6. Bd3 O-O 7. Nbd2 c5 8. O-O
cxd4 9. exd4 Nb6 10. Re1 Bd7 11. Ne5 Qc7 12. Rc1 h6 13. h3 Rac8 14. Qe2 Bc6 15.
a3 Qe7 16. Ra1 a6 17. Nef3 Bb5 18. Ne5 Rxc2 19. Reb1 Bxe5 20. dxe5 Ne4 21. Qxe4
dxe4 22. Bxc2 Bd3 23. Rc1 Rc8 24. Bd1 Rxc1 25. Rxc1 Qg5 26. Nf1 Bxf1 27. Kxf1
Qd2 28. Bc2 Nd5 29. Bxe4 f5 30. Rc8+ Kf7 31. Bc2 Nf4 32. Rc7+ Kg6 33. Rc3 Qe2+
34. Kg1 Qe1+ 35. Kh2 Ne2 0-1

[Event "N4 Rethel  Echiquier Aubois"]
[Site "?"]
[Date "2012.12.09"]
[Round "3"]
[White "Noizet, Donatien"]
[Black "Moine, Patrick"]
[Result "1/2-1/2"]
[WhiteElo "1940"]
[BlackElo "1853"]
[PlyCount "71"]
[EventDate "2012.10.14"]
[SourceDate "2012.12.09"]

1. e4 c5 2. Nf3 d6 3. c4 Nc6 4. Nc3 e6 5. d3 Nf6 6. h3 Be7 7. a3 a6 8. Bd2 Bd7
9. Ne2 Ne5 10. Nxe5 dxe5 11. Bc3 Qc7 12. Qd2 Bc6 13. Qg5 Nxe4 14. Qxg7 Bf6 15.
Qh6 Bg5 16. Qg7 Bf6 17. Qh6 Bg5 18. Qh5 Nxc3 19. Qxg5 Nxe2 20. Bxe2 Qa5+ 21.
Kd1 Qa4+ 22. Kc1 Rd8 23. Qxe5 Rg8 24. Qxc5 Qb3 25. Qb4 Qxb4 26. axb4 Rxg2 27.
Kd2 Rxf2 28. Rhg1 Rh2 29. Rg3 Ke7 30. Re1 Be4 31. Kc3 Bf5 32. Bg4 Bxg4 33. hxg4
Rg8 34. Ree3 Rh6 35. Rh3 Rxh3 36. Rxh3 1/2-1/2

[Event "N4 Rethel  Echiquier Aubois"]
[Site "?"]
[Date "2012.12.09"]
[Round "3"]
[White "Vedovotto, Nicolas"]
[Black "Hascher, Nicolas"]
[Result "1-0"]
[WhiteElo "2078"]
[BlackElo "1958"]
[PlyCount "53"]
[EventDate "2012.10.14"]
[SourceDate "2012.12.09"]

1. Nc3 d5 2. e4 d4 3. Nce2 e5 4. Ng3 Be6 5. Nf3 f6 6. b3 Nd7 7. Bc4 Nc5 8. d3
Qd7 9. a4 Ne7 10. Nd2 Ng6 11. O-O Bg4 12. f3 Be6 13. Ne2 Bd6 14. b4 Na6 15.
Bxe6 Qxe6 16. b5 Nc5 17. Nc4 O-O 18. Bd2 Rad8 19. Qc1 f5 20. exf5 Rxf5 21. Ng3
Rf7 22. Qe1 Rdf8 23. Ne4 Nf4 24. Bxf4 Nxe4 25. Bxe5 Bxe5 26. Qxe4 Rf5 27. f4
1-0

[Event "N4 Rethel  Echiquier Aubois"]
[Site "?"]
[Date "2012.12.09"]
[Round "3"]
[White "Lhoest, Alain"]
[Black "Guillaume, Jean-François"]
[Result "0-1"]
[WhiteElo "1714"]
[BlackElo "1853"]
[PlyCount "58"]
[EventDate "2012.10.14"]
[SourceDate "2012.12.09"]

1. e4 c5 2. Nf3 e6 3. d4 cxd4 4. Nxd4 Nc6 5. Be3 Nf6 6. Nc3 Bb4 7. f3 a6 8.
Nde2 d5 9. Bd2 O-O 10. a3 Bc5 11. Bg5 d4 12. Bxf6 Qxf6 13. Na4 Ba7 14. b4 b5
15. Nb2 e5 16. Ng3 Be6 17. Bd3 Qg5 18. Qe2 Rac8 19. a4 Qe7 20. Qd2 Nxb4 21.
axb5 Nxd3+ 22. Nxd3 axb5 23. Nxe5 Bc5 24. Nd3 Bd6 25. Ne2 Bc4 26. Kf2 f5 27.
exf5 Rxf5 28. Rhe1 Rcf8 29. Nxd4 Qh4+ 0-1

[Event "N4 Rethel  Echiquier Aubois"]
[Site "?"]
[Date "2012.12.09"]
[Round "3"]
[White "Chavet, Antoine"]
[Black "Tassetti, Florent"]
[Result "0-1"]
[WhiteElo "1440"]
[BlackElo "1712"]
[PlyCount "62"]
[EventDate "2012.10.14"]
[SourceDate "2012.12.09"]

1. c4 e5 2. Nc3 f5 3. d3 Nf6 4. Bg5 Be7 5. g3 O-O 6. Bg2 c6 7. e4 d6 8. Nge2 a5
9. d4 Nxe4 10. Bxe7 Qxe7 11. Nxe4 fxe4 12. Bxe4 Bg4 13. Qd3 Qf6 14. f4 Bxe2 15.
Qxe2 exf4 16. Rf1 Qxd4 17. Rxf4 Rxf4 18. gxf4 Qg1+ 19. Qf1 Qe3+ 20. Qe2 Qxf4
21. Bd3 Qe5 22. Be4 Nd7 23. Rd1 Nf6 24. c5 Qxe4 25. cxd6 Qxe2+ 26. Kxe2 Kf7 27.
Kf3 Rd8 28. Kf4 Ke6 29. Re1+ Kxd6 30. Kf5 Re8 31. Rd1+ Kc7 0-1

[Event "N4 Rethel  Echiquier Aubois"]
[Site "?"]
[Date "2012.12.09"]
[Round "3"]
[White "Brun, Franck"]
[Black "Robert, Emmanuel"]
[Result "1-0"]
[WhiteElo "1640"]
[BlackElo "1791"]
[PlyCount "58"]
[EventDate "2012.10.14"]
[SourceDate "2012.12.09"]

1. e4 d5 2. exd5 Nf6 3. d4 Nxd5 4. Nf3 Bf5 5. Bd3 Bxd3 6. Qxd3 e6 7. O-O Nd7 8.
Re1 c5 9. Qc4 Rc8 10. Qxd5 cxd4 11. Nxd4 Rc5 12. Qb3 Rh5 13. Nf3 Bd6 14. Nbd2
Qc7 15. h3 O-O 16. Ne4 Nc5 17. Nxc5 Bxc5 18. Be3 Rc8 19. Bxc5 Rxc5 20. c3 b6
21. Rad1 h6 22. Nd4 Rg5 23. Nxe6 fxe6 24. Qxe6+ Kh8 25. Rd7 Qc5 26. Qf7 Qc6 27.
Re8+ Rxe8 28. Qxe8+ Kh7 29. Rxg7+ Kxg7 1-0

[Event "N4 Rethel  Echiquier Aubois"]
[Site "?"]
[Date "2012.12.09"]
[Round "3"]
[White "Prost, Catherine"]
[Black "Pierlot, Aurore"]
[Result "0-1"]
[WhiteElo "1290"]
[BlackElo "1430"]
[PlyCount "88"]
[EventDate "2012.10.14"]
[SourceDate "2012.12.09"]

1. Nf3 Nc6 2. b3 e5 3. Bb2 d6 4. e3 Nf6 5. Bb5 Bd7 6. d3 a6 7. Bxc6 Bxc6 8.
Nbd2 Be7 9. O-O O-O 10. c4 b5 11. Qc2 Qd7 12. h3 h6 13. Rac1 Rac8 14. Qb1 Bb7
15. d4 exd4 16. Bxd4 c5 17. Ba1 d5 18. Rfd1 Rfd8 19. Ne5 Qe6 20. Ndf3 dxc4 21.
bxc4 Bd6 22. cxb5 Bxe5 23. Nxe5 axb5 24. Rxd8+ Rxd8 25. Rxc5 Be4 26. Qb2 Rd1+
27. Kh2 Rb1 28. Qd4 Qxa2 29. Qd8+ Kh7 30. f3 Qxa1 31. fxe4 Rh1+ 32. Kg3 Qe1+
33. Kf4 g5+ 34. Kf5 Rf1+ 35. Nf3 Qxe3 36. Kxf6 Qxc5 37. Kxf7 Qc4+ 38. Kf6 Qc3+
39. Kf7 Qg7+ 40. Ke6 Qg6+ 41. Ke5 Qg7+ 42. Ke6 Rc1 43. Nd4 Qg6+ 44. Ke5 Rc5+
0-1